Sborník Poštovního muzea 1989-1990

Na minha lista:
Detalhes bibliográficos
Formato: Livro
Idioma:tcheco
Publicado em: Praha Nakl. dopr. a spojů 1990
Edição:1. vyd.
Tags: Adicionar Tag
Sem tags, seja o primeiro a adicionar uma tag!

MARC

LEADER 00000nam a2200000 4500
001 c031810
005 20221206122708.8
041 0 |a cze 
044 |a CZ 
245 1 0 |a Sborník Poštovního muzea  |b 1989-1990 
250 |a 1. vyd. 
264 1 |a Praha  |b Nakl. dopr. a spojů  |c 1990 
300 |a 144 s.  |e 1 príl.